[Event "GX Alekhine Torneio Interno 2023"]
[Site "GXA, Portugal"]
[Date "????.??.??"]
[Round "5.3"]
[White "Curado, Manuel Joao Ferro"]
[Black "Silva, Lourenco Santa Clara Co"]
[Result "0-1"]
[TimeControl "1h 30m +30s"]
[WhiteElo "1721"]
[BlackElo "1731"]

1. b4 {[%clk 01:30:59]} {[%emt 00:00:01]} e5 {[%clk 01:30:49]} {[%emt
00:00:29]} 2. Bb2 {[%clk 01:31:20]} Bxb4 {[%clk 01:31:15]} 3. f4 {[%clk
01:31:40]} {[%emt 00:00:05]} d6 {[%clk 01:29:15]} {[%emt 00:02:30]} 4. fxe5
{[%clk 01:30:18]} {[%emt 00:01:52]} dxe5 {[%clk 01:29:18]} {[%emt 00:00:27]} 5.
Bxe5 {[%clk 01:29:22]} {[%emt 00:01:26]} Nf6 {[%clk 01:29:31]} {[%emt
00:00:22]} 6. Nf3 {[%clk 01:29:33]} {[%emt 00:00:14]} Nc6 {[%clk 01:29:23]}
{[%emt 00:00:37]} 7. Bb2 {[%clk 01:29:21]} {[%emt 00:00:42]} O-O {[%clk
01:29:42]} {[%emt 00:00:10]} 8. g3 {[%clk 01:27:18]} {[%emt 00:02:33]} Re8
{[%clk 01:22:47]} {[%emt 00:07:25]} 9. Bg2 {[%clk 01:21:39]} {[%emt 00:06:09]}
Bc5 {[%clk 01:14:26]} {[%emt 00:08:51]} 10. Nc3 {[%clk 01:05:56]} {[%emt
00:16:13]} Ng4 {[%clk 00:59:33]} {[%emt 00:15:23]} 11. e3 {[%clk 01:00:43]}
{[%emt 00:05:43]} Bf5 {[%clk 00:51:02]} {[%emt 00:09:02]} 12. O-O {[%clk
00:55:45]} {[%emt 00:05:28]} Qd7 {[%clk 00:38:34]} {[%emt 00:12:58]} 13. Ne2
{[%clk 00:49:45]} {[%emt 00:06:30]} Bxe3+ {[%clk 00:25:56]} {[%emt 00:13:08]}
14. dxe3 {[%clk 00:49:17]} {[%emt 00:00:58]} Qxd1 {[%clk 00:26:13]} 15. Rfxd1
{[%clk 00:49:17]} Nxe3 {[%clk 00:26:13]} 16. Nf4 {[%clk 00:39:55]} {[%emt
00:11:13]} Nxd1 {[%clk 00:22:27]} {[%emt 00:04:08]} 17. Rxd1 {[%clk 00:40:23]}
{[%emt 00:00:02]} Bxc2 {[%clk 00:21:53]} {[%emt 00:01:05]} 18. Rd7 {[%clk
00:37:15]} {[%emt 00:03:37]} Re7 {[%clk 00:12:08]} {[%emt 00:10:15]} 19. Rxe7
{[%clk 00:37:04]} {[%emt 00:00:41]} Nxe7 {[%clk 00:12:34]} {[%emt 00:00:04]} 20.
Nd4 {[%clk 00:34:12]} {[%emt 00:03:22]} Ba4 {[%clk 00:11:20]} {[%emt 00:01:45]}
21. Nh5 {[%clk 00:24:17]} {[%emt 00:10:24]} f6 {[%clk 00:09:08]} {[%emt
00:02:42]} 22. Ne6 {[%clk 00:21:25]} {[%emt 00:03:22]} Kf7 {[%clk 00:05:19]}
{[%emt 00:04:19]} 23. Nhxg7 {[%clk 00:16:24]} {[%emt 00:05:30]} Bd7 {[%clk
00:04:23]} {[%emt 00:01:27]} 24. Bh3 {[%clk 00:15:35]} {[%emt 00:01:19]} Rg8
{[%clk 00:03:37]} {[%emt 00:01:16]} 25. Kg2 {[%clk 00:06:44]} {[%emt 00:09:21]}
Rxg7 {[%clk 00:03:36]} {[%emt 00:00:32]} 26. Nxg7 {[%clk 00:06:55]} {[%emt
00:00:18]} Bxh3+ {[%clk 00:04:03]} {[%emt 00:00:03]} 27. Kxh3 {[%clk 00:07:05]}
{[%emt 00:00:20]} Kxg7 {[%clk 00:04:32]} {[%emt 00:00:01]} 28. Kg4 {[%clk
00:07:08]} {[%emt 00:00:27]} Kg6 {[%clk 00:04:17]} {[%emt 00:00:45]} 29. h4
{[%clk 00:06:59]} {[%emt 00:00:38]} h5+ {[%clk 00:04:16]} {[%emt 00:00:31]} 30.
Kf4 {[%clk 00:07:15]} {[%emt 00:00:14]} c5 {[%clk 00:04:12]} {[%emt 00:00:33]}
31. Ke4 {[%clk 00:07:26]} {[%emt 00:00:19]} b5 {[%clk 00:04:06]} {[%emt
00:00:37]} 32. Bc1 {[%clk 00:06:08]} {[%emt 00:01:48]} Kf7 {[%clk 00:03:31]}
{[%emt 00:01:05]} 33. Be3 {[%clk 00:06:02]} {[%emt 00:00:36]} c4 {[%clk
00:03:32]} {[%emt 00:00:30]} 34. Bxa7 {[%clk 00:06:13]} {[%emt 00:00:18]} Ke6
{[%clk 00:03:46]} {[%emt 00:00:16]} 35. a3 {[%clk 00:04:45]} {[%emt 00:01:59]}
Nd5 {[%clk 00:03:13]} {[%emt 00:01:02]} 36. Bd4 {[%clk 00:04:25]} {[%emt
00:00:50]} f5+ {[%clk 00:02:19]} {[%emt 00:01:24]} 37. Kf3 {[%clk 00:04:46]}
{[%emt 00:00:09]} Kd7 {[%clk 00:02:17]} {[%emt 00:00:33]} 38. Ke2 {[%clk
00:04:44]} {[%emt 00:00:31]} Kc6 {[%clk 00:01:37]} {[%emt 00:01:11]} 39. Kd2
{[%clk 00:04:50]} {[%emt 00:00:23]} Kb7 {[%clk 00:01:06]} {[%emt 00:01:01]} 40.
Kc2 {[%clk 00:03:55]} {[%emt 00:01:24]} Ka6 {[%clk 00:01:19]} {[%emt 00:00:18]}
41. Bc5 {[%clk 00:03:57]} {[%emt 00:00:27]} Ka5 {[%clk 00:01:20]} {[%emt
00:00:30]} 42. Kd2 {[%clk 00:03:20]} {[%emt 00:01:06]} Nf6 {[%clk 00:01:22]}
{[%emt 00:00:28]} 43. Bb4+ {[%clk 00:00:57]} {[%emt 00:02:53]} Ka4 {[%clk
00:01:49]} {[%emt 00:00:04]} 44. Kc2 {[%clk 00:01:08]} {[%emt 00:00:18]} Ne4
{[%clk 00:02:11]} {[%emt 00:00:09]} 0-1

[Event "GX Alekhine Torneio Interno 2023"]
[Site "GXA, Portugal"]
[Date "????.??.??"]
[Round "5.4"]
[White "Zhang, Xin An"]
[Black "Lucio, Jorge Manuel Rodrigues"]
[Result "1/2-1/2"]
[TimeControl "1h 30m +30s"]
[WhiteElo "1584"]
[BlackElo "1718"]

1. d4 {[%clk 01:31:00]} {[%emt 00:00:49]} Nf6 {[%clk 01:30:53]} {[%emt
00:00:27]} 2. Nf3 {[%clk 01:31:28]} g6 {[%clk 01:31:01]} {[%emt 00:00:04]} 3.
Nbd2 {[%clk 01:31:12]} {[%emt 00:00:46]} Bg7 {[%clk 01:30:59]} {[%emt
00:00:31]} 4. e4 {[%clk 01:31:39]} {[%emt 00:00:04]} d6 {[%clk 01:27:07]}
{[%emt 00:04:22]} 5. Bd3 {[%clk 01:31:48]} {[%emt 00:00:21]} O-O {[%clk
01:26:11]} {[%emt 00:01:24]} 6. O-O {[%clk 01:30:42]} {[%emt 00:01:37]} Nc6
{[%clk 01:16:46]} {[%emt 00:09:56]} 7. c3 {[%clk 01:30:37]} {[%emt 00:00:35]}
e5 {[%clk 01:16:12]} {[%emt 00:01:02]} 8. dxe5 {[%clk 01:30:59]} {[%emt
00:00:09]} Nxe5 {[%clk 01:15:36]} {[%emt 00:01:06]} 9. Nxe5 {[%clk 01:31:25]}
{[%emt 00:00:04]} dxe5 {[%clk 01:11:10]} {[%emt 00:00:05]} 10. Qc2 {[%clk
01:31:00]} {[%emt 00:05:45]} Qe7 {[%clk 01:11:05]} {[%emt 00:00:34]} 11. Rd1
{[%clk 01:22:11]} {[%emt 00:09:20]} c6 {[%clk 01:08:32]} {[%emt 00:03:03]} 12.
Nc4 {[%clk 01:11:50]} {[%emt 00:10:51]} Nh5 {[%clk 01:05:07]} 13. Be3 {[%clk
00:35:19]} {[%emt 00:40:56]} b6 {[%clk 01:02:01]} 14. f3 {[%clk 00:35:19]} Be6
{[%clk 01:02:01]} 15. Rd2 {[%clk 00:27:52]} {[%emt 00:23:55]} Bf6 {[%clk
00:41:53]} 16. Rad1 {[%clk 00:27:52]} Qc7 {[%clk 00:41:53]} 17. Bf1 {[%clk
00:27:52]} Rad8 {[%clk 00:41:53]} 18. Rxd8 {[%clk 00:27:52]} Rxd8 {[%clk
00:41:53]} 19. Rxd8+ {[%clk 00:27:52]} Bxd8 {[%clk 00:41:53]} 20. Qd2 {[%clk
00:19:01]} {[%emt 00:32:40]} 1/2-1/2

[Event "GX Alekhine Torneio Interno 2023"]
[Site "GXA, Portugal"]
[Date "????.??.??"]
[Round "6.2"]
[White "Silva, Lourenco Santa Clara Co"]
[Black "Vedor, Bernardo Marques"]
[Result "1/2-1/2"]
[WhiteElo "1731"]
[BlackElo "1650"]
[Annotator "Marques,Rui"]
[PlyCount "84"]

{[%evp 0,84,19,38,25,16,14,26,-11,7,20,-7,9,-6,17,11,31,33,33,0,-5,-5,-5,1,-6,-26,-14,-5,-3,-30,-61,-44,-35,-26,-43,-57,-52,-20,41,-35,-45,-37,-22,-58,-35,-22,-27,-30,-17,-10,-14,-28,-12,-12,-24,-27,-9,-16,0,0,38,38,36,19,30,0,1,14,19,-5,-4,-11,-6,-6,4,1,-2,2,4,-7,2,0,19,-4,0,0,0]} 1. e4 {[%emt 0:00:02]} e5 {[%emt 0:00:07]} 2. Nf3 {[%emt 0:00:10]} Nc6 {[%emt 0:00:07]} 3. d4 {[%emt 0:00:06]} exd4 {[%emt 0:00:15]} 4. Nxd4 {[%emt 0:00:06]} Nf6 {[%emt 0:00:27]} 5. Nc3 {[%emt 0:00:05]} Bb4 {[%emt 0:00:38]} 6. Nxc6 {[%emt 0:00:36]} bxc6 {[%emt 0:00:23]} 7. Bd3 {[%emt 0:01:05]} d5 {[%emt 0:00:46]} 8. exd5 {[%emt 0:03:10]} O-O {[%emt 0:01:03]} 9. O-O {[%emt 0:03:19]} cxd5 {[%emt 0:01:14]} 10. Bg5 {[%emt 0:02:25]} c6 {[%emt 0:01:20]} 11. Qf3 {[%emt 0:02:23]} h6 {[%emt 0:01:27]} 12. Bd2 {[%emt 0:11:00]} Bd6 {[%emt 0:09:16]} 13. h3 {[%emt 0:02:37]} Rb8 {[%emt 0:02:42]} 14. Rab1 {[%emt 0:05:21]} Re8 {[%emt 0:02:46]} 15. Bf4 {[%emt 0:13:30]} Rb4 {[%emt 0:09:08]} 16. Bxd6 {[%emt 0:07:52]} Qxd6 {[%emt 0:00:45]} 17. Ne2 {[%emt 0:01:45]} Ne4 {[%emt 0:05:51]} 18. Rfd1 {[%emt 0:03:22]} Re6 {[%emt 0:08:08]} 19. Bxe4 {[%emt 0:08:54]} Rbxe4 {[%emt 0:02:30]} 20. Ng3 {[%emt 0:01:45]} Rf4 {[%emt 0:03:58]} 21. Qd3 {[%emt 0:01:45]} Qe5 {[%emt 0:04:49]} 22. Qd2 {[%emt 0:05:29]} Ra4 {[%emt 0:18:36]} 23. Re1 {[%emt 0:01:22]} Qd4 {[%emt 0:01:27]} 24. Qxd4 {[%emt 0:00:50]} Rxd4 {[%emt 0:00:17]} 25. Rbd1 {[%emt 0:03:06]} Rxe1+ {[%emt 0:02:55]} 26. Rxe1 {[%emt 0:00:03]} Kf8 {[%emt 0:01:34]} 27. Nf1 {[%emt 0:06:56]} Ba6 {[%emt 0:02:25]} 28. b3 {[%emt 0:01:32]} Bxf1 {[%emt 0:01:43]} 29. Kxf1 {[%emt 0:00:04]} a5 {[%emt 0:01:12]} 30. Re3 {[%emt 0:01:05]} Rb4 {[%emt 0:04:39]} 31. Rc3 {[%emt 0:00:49]} Rb6 {[%emt 0:00:39]} 32. Ke2 {[%emt 0:01:08]} Ke7 {[%emt 0:00:28]} 33. Rc5 {[%emt 0:02:36]} Ra6 {[%emt 0:01:07]} 34. a4 {[%emt 0:01:24]} Kd6 {[%emt 0:00:23]} 35. Rc3 {[%emt 0:00:07]} Ra7 {[%emt 0:01:53]} 36. Rg3 {[%emt 0:00:32]} Re7+ {[%emt 0:00:51]} 37. Kd3 {[%emt 0:00:36]} g6 {[%emt 0:00:24]} 38. Rf3 {[%emt 0:00:35]} h5 {[%emt 0:01:07]} 39. Rf4 {[%emt 0:02:56]} Ke5 {[%emt 0:03:16]} 40. Rf3 {[%emt 0:01:26]} Kd6 {[%emt 0:00:15]} 41. Rf4 {[%emt 0:00:16]} Ke5 {[%emt 0:00:13]} 42. Rf3 {[%emt 0:00:47]} Kd6 {[%emt 0:00:02]} 1/2-1/2

[Event "GX Alekhine Torneio Interno 2023"]
[Site "GXA, Portugal"]
[Date "????.??.??"]
[Round "6.3"]
[White "Gorgojo Freijo, Diego"]
[Black "Silva, Reinaldo Joao David Bat"]
[Result "0-1"]
[TimeControl "1h 30m +30s"]
[WhiteElo "1889"]
[BlackElo "1763"]

1. d4 {[%clk 01:30:50]} {[%emt 00:00:10]} Nf6 {[%clk 01:30:57]} {[%emt
00:00:03]} 2. Nf3 {[%clk 01:31:02]} {[%emt 00:00:18]} g6 {[%clk 01:30:14]}
{[%emt 00:01:13]} 3. Nbd2 {[%clk 01:30:06]} {[%emt 00:01:26]} Bg7 {[%clk
01:29:50]} {[%emt 00:00:53]} 4. e4 {[%clk 01:29:54]} {[%emt 00:00:43]} d6
{[%clk 01:30:00]} {[%emt 00:00:20]} 5. c3 {[%clk 01:26:27]} {[%emt 00:03:58]}
c6 {[%clk 01:29:11]} {[%emt 00:01:19]} 6. Bc4 {[%clk 01:19:57]} {[%emt
00:07:00]} O-O {[%clk 01:25:35]} {[%emt 00:04:06]} 7. O-O {[%clk 01:18:41]}
{[%emt 00:01:46]} d5 {[%clk 01:19:51]} {[%emt 00:06:14]} 8. exd5 {[%clk
01:17:45]} {[%emt 00:01:26]} cxd5 {[%clk 01:19:28]} {[%emt 00:00:53]} 9. Bd3
{[%clk 01:12:44]} {[%emt 00:05:32]} Nc6 {[%clk 01:14:11]} {[%emt 00:05:47]} 10.
Re1 {[%clk 01:09:15]} {[%emt 00:03:59]} Re8 {[%clk 01:12:08]} {[%emt 00:02:33]}
11. Bb5 {[%clk 01:00:48]} {[%emt 00:08:57]} Bg4 {[%clk 01:03:02]} {[%emt
00:09:35]} 12. h3 {[%clk 01:00:04]} {[%emt 00:01:14]} Bxf3 {[%clk 01:03:02]}
{[%emt 00:00:30]} 13. Nxf3 {[%clk 00:58:22]} {[%emt 00:02:12]} Nd7 {[%clk
00:58:36]} {[%emt 00:04:55]} 14. Bf4 {[%clk 00:45:40]} {[%emt 00:13:12]} Qb6
{[%clk 00:51:02]} {[%emt 00:08:04]} 15. Ba4 {[%clk 00:44:14]} {[%emt 00:01:57]}
Qxb2 {[%clk 00:41:16]} {[%emt 00:10:16]} 16. Rb1 {[%clk 00:41:13]} {[%emt
00:03:31]} Qxc3 {[%clk 00:39:19]} {[%emt 00:02:27]} 17. Re3 {[%clk 00:28:32]}
{[%emt 00:13:10]} Qa5 {[%clk 00:20:31]} {[%emt 00:19:18]} 18. Rxb7 {[%clk
00:28:14]} {[%emt 00:00:49]} Ndb8 {[%clk 00:17:55]} {[%emt 00:03:06]} 19. Rb5
{[%clk 00:22:22]} {[%emt 00:06:22]} Qd8 {[%clk 00:12:31]} {[%emt 00:05:53]} 20.
Rc5 {[%clk 00:22:20]} {[%emt 00:00:32]} e5 {[%clk 00:11:54]} {[%emt 00:01:07]}
21. dxe5 {[%emt 00:08:03]} Re6 {[%clk 00:07:13]} 22. Rxd5 {[%clk 00:09:55]}
{[%emt 00:10:33]} Qb6 {[%clk 00:05:28]} {[%emt 00:02:15]} 23. Rb3 {[%clk
00:07:53]} {[%emt 00:02:32]} Qa6 {[%clk 00:04:23]} {[%emt 00:01:35]} 24. Rd8+
{[%clk 00:04:38]} {[%emt 00:03:46]} Bf8 {[%clk 00:02:56]} {[%emt 00:01:57]} 25.
Bh6 {[%clk 00:04:23]} {[%emt 00:00:45]} Nxd8 {[%clk 00:03:09]} {[%emt
00:00:17]} 26. Qxd8 {[%clk 00:04:42]} {[%emt 00:00:11]} Nd7 {[%clk 00:03:21]}
{[%emt 00:00:18]} 27. Qxa8 {[%clk 00:05:04]} {[%emt 00:00:07]} Qxa4 {[%clk
00:03:35]} {[%emt 00:00:17]} 28. Bxf8 {[%clk 00:04:59]} {[%emt 00:00:35]} Nxf8
{[%clk 00:03:12]} {[%emt 00:00:53]} 29. Rb7 {[%clk 00:03:44]} {[%emt 00:01:45]}
Qf4 {[%clk 00:01:47]} {[%emt 00:01:54]} 30. Rxa7 {[%clk 00:02:37]} {[%emt
00:01:37]} Qc1+ {[%clk 00:02:08]} {[%emt 00:00:09]} 31. Kh2 {[%clk 00:02:55]}
{[%emt 00:00:12]} Qf4+ {[%clk 00:00:59]} {[%emt 00:01:39]} 32. g3 {[%clk
00:03:14]} {[%emt 00:00:11]} Qf5 {[%clk 00:01:05]} {[%emt 00:00:24]} 33. Ra4
{[%clk 00:01:53]} {[%emt 00:01:51]} Qc2 {[%clk 00:01:13]} {[%emt 00:00:22]} 34.
Kg2 {[%clk 00:02:07]} {[%emt 00:00:16]} Kg7 {[%clk 00:01:16]} {[%emt 00:00:28]}
35. Nd4 {[%clk 00:01:58]} {[%emt 00:00:38]} Qd1 {[%clk 00:00:37]} {[%emt
00:01:08]} 36. Nxe6+ {[%clk 00:02:11]} {[%emt 00:00:17]} Nxe6 {[%clk 00:01:06]}
{[%emt 00:00:02]} 37. Qf3 {[%clk 00:02:04]} {[%emt 00:00:36]} Qxa4 {[%clk
00:01:34]} {[%emt 00:00:02]} 38. Qf6+ {[%clk 00:00:55]} {[%emt 00:01:39]} Kf8
{[%clk 00:02:03]} {[%emt 00:00:01]} 39. Qh8+ {[%clk 00:01:07]} {[%emt
00:00:18]} Ke7 {[%clk 00:02:24]} {[%emt 00:00:10]} 40. Qf6+ {[%clk 00:01:16]}
{[%emt 00:00:20]} Ke8 {[%clk 00:02:51]} {[%emt 00:00:03]} 41. Qh8+ {[%clk
00:01:01]} {[%emt 00:00:45]} Nf8 {[%clk 00:03:20]} {[%emt 00:00:02]} 42. e6
{[%clk 00:01:05]} {[%emt 00:00:26]} Qe4+ {[%clk 00:03:39]} {[%emt 00:00:11]} 43.
Kh2 {[%clk 00:01:20]} {[%emt 00:00:15]} Qxe6 {[%clk 00:04:03]} {[%emt
00:00:06]} 44. Qb2 {[%clk 00:01:33]} {[%emt 00:00:17]} Nd7 {[%clk 00:03:53]}
{[%emt 00:00:40]} 45. a4 {[%clk 00:01:38]} {[%emt 00:00:25]} Qe5 {[%clk
00:03:34]} {[%emt 00:00:48]} 46. Qb4 {[%clk 00:01:09]} {[%emt 00:01:00]} Qc5
{[%clk 00:02:52]} {[%emt 00:01:12]} 47. Qe4+ {[%clk 00:01:15]} {[%emt
00:00:24]} Kd8 {[%clk 00:03:11]} {[%emt 00:00:11]} 48. Qa8+ {[%clk 00:01:23]}
{[%emt 00:00:22]} Kc7 {[%clk 00:03:34]} {[%emt 00:00:06]} 49. Qf3 {[%clk
00:01:37]} {[%emt 00:00:16]} Ne5 {[%clk 00:03:35]} {[%emt 00:00:28]} 50. Qf6
{[%clk 00:01:29]} {[%emt 00:00:38]} Qd6 {[%clk 00:03:16]} {[%emt 00:00:49]} 51.
Qf4 {[%clk 00:01:39]} {[%emt 00:00:19]} Kc6 {[%clk 00:02:22]} {[%emt 00:01:24]}
52. Qc1+ {[%clk 00:01:26]} {[%emt 00:00:44]} Qc5 {[%clk 00:02:43]} {[%emt
00:00:08]} 53. Qf4 {[%clk 00:01:48]} {[%emt 00:00:09]} Kb6 {[%clk 00:02:46]}
{[%emt 00:00:27]} 54. Qf6+ {[%clk 00:01:49]} {[%emt 00:00:29]} Ka5 {[%emt
00:00:51]} 55. Qd8+ {[%clk 00:01:48]} Kxa4 {[%clk 00:03:22]} {[%emt 00:00:03]}
56. Qd1+ {[%clk 00:01:37]} {[%emt 00:00:41]} Kb4 {[%clk 00:03:35]} {[%emt
00:00:17]} 57. Qb1+ {[%clk 00:01:39]} {[%emt 00:00:28]} Kc4 {[%clk 00:03:59]}
{[%emt 00:00:06]} 58. Qe4+ {[%clk 00:01:52]} {[%emt 00:00:17]} Qd4 {[%clk
00:04:10]} {[%emt 00:00:18]} 59. Qc2+ {[%clk 00:02:04]} {[%emt 00:00:19]} Kd5
{[%clk 00:04:28]} {[%emt 00:00:12]} 60. Qb3+ {[%clk 00:02:12]} {[%emt
00:00:22]} Kd6 {[%clk 00:03:40]} {[%emt 00:01:16]} 61. Qb8+ {[%clk 00:02:05]}
{[%emt 00:00:38]} Ke6 {[%clk 00:03:50]} {[%emt 00:00:18]} 62. Qe8+ {[%clk
00:02:19]} {[%emt 00:00:17]} Kf6 {[%clk 00:03:57]} {[%emt 00:00:21]} 63. Kg2
{[%clk 00:00:45]} {[%emt 00:02:07]} Qe4+ {[%clk 00:04:25]} {[%emt 00:00:02]} 64.
Kf1 {[%clk 00:00:55]} {[%emt 00:00:20]} Qd3+ {[%clk 00:04:39]} {[%emt
00:00:15]} 65. Kg2 {[%clk 00:01:09]} {[%emt 00:00:17]} Qf3+ {[%clk 00:03:05]}
{[%emt 00:02:04]} 66. Kf1 {[%clk 00:01:22]} {[%emt 00:00:17]} Qh1+ {[%clk
00:03:09]} {[%emt 00:00:25]} 67. Ke2 {[%clk 00:01:46]} {[%emt 00:00:07]} Qxh3
{[%clk 00:02:44]} {[%emt 00:00:54]} 68. Qh8+ {[%clk 00:02:06]} {[%emt
00:00:10]} Ke6 {[%clk 00:02:23]} {[%emt 00:00:50]} 69. Qc8+ {[%clk 00:01:48]}
{[%emt 00:00:50]} Nd7 {[%clk 00:02:49]} {[%emt 00:00:04]} 70. Qe8+ {[%clk
00:01:30]} {[%emt 00:00:47]} Kf6 {[%clk 00:02:39]} {[%emt 00:00:39]} 71. Qh8+
{[%clk 00:01:36]} {[%emt 00:00:26]} Kg5 {[%clk 00:02:42]} {[%emt 00:00:25]} 72.
Qd8+ {[%clk 00:00:59]} {[%emt 00:01:08]} Kh5 {[%clk 00:02:14]} {[%emt
00:00:56]} 73. Ke1 {[%clk 00:01:00]} {[%emt 00:00:32]} Qh1+ {[%clk 00:01:54]}
{[%emt 00:00:48]} 74. Ke2 {[%clk 00:01:22]} {[%emt 00:00:09]} Qe4+ {[%clk
00:02:13]} {[%emt 00:00:11]} 75. Kf1 {[%clk 00:01:41]} {[%emt 00:00:12]} Qg4
{[%clk 00:01:53]} {[%emt 00:00:49]} 76. Kg2 {[%clk 00:01:38]} {[%emt 00:00:34]}
f6 {[%clk 00:01:22]} {[%emt 00:00:58]} 77. f3 {[%clk 00:01:00]} {[%emt
00:01:10]} Qe6 {[%clk 00:01:31]} {[%emt 00:00:20]} 78. Qa5+ {[%clk 00:00:41]}
{[%emt 00:00:50]} Kh6 {[%clk 00:01:36]} {[%emt 00:00:24]} 79. Qd2+ {[%clk
00:01:06]} {[%emt 00:00:06]} g5 {[%clk 00:01:54]} {[%emt 00:00:12]} 80. Qf2
{[%clk 00:00:36]} {[%emt 00:00:59]} Ne5 {[%clk 00:02:04]} {[%emt 00:00:19]} 81.
Qe3 {[%clk 00:00:42]} {[%emt 00:00:25]} Kg6 {[%clk 00:02:05]} {[%emt 00:00:28]}
82. Qe4+ {[%clk 00:00:34]} {[%emt 00:00:40]} f5 {[%clk 00:02:30]} {[%emt
00:00:05]} 83. Qa8 {[%clk 00:00:42]} {[%emt 00:00:22]} g4 {[%clk 00:02:38]}
{[%emt 00:00:20]} 84. f4 {[%clk 00:00:33]} {[%emt 00:00:41]} Qc6+ {[%clk
00:03:06]} {[%emt 00:00:02]} 85. Qxc6+ {[%clk 00:00:38]} {[%emt 00:00:25]} Nxc6
{[%clk 00:03:35]} {[%emt 00:00:01]} 86. Kf2 {[%emt 00:00:40]} 0-1

[Event "GX Alekhine Torneio Interno 2023"]
[Site "GXA, Portugal"]
[Date "????.??.??"]
[Round "6.4"]
[White "Ramos, Caetano Da Motta Lima S"]
[Black "Aguiar, Carlos Alberto Branco"]
[Result "1-0"]
[WhiteElo "1606"]
[BlackElo "1731"]
[Annotator "Marques,Rui"]
[PlyCount "105"]

{[%evp 0,63,19,38,40,46,70,62,56,59,46,31,38,42,29,23,57,3,36,41,46,46,20,42,105,43,31,14,51,62,47,-3,9,12,11,-29,0,-15,-23,-39,47,61,40,-14,70,8,85,123,84,43,106,20,24,19,62,19,62,56,50,47,86,95,101,96,113,125]} 1. e4 {[%emt 0:06:17]} c5 {[%emt 0:00:11]} 2. Nc3 {[%emt 0:00:55]} d6 {[%emt 0:00:29]} 3. f4 {[%emt 0:00:21]} Nc6 {[%emt 0:00:08]} 4. Nf3 {[%emt 0:00:41]} e6 {[%emt 0:00:19]} 5. Bb5 {[%emt 0:06:15]} Bd7 {[%emt 0:01:42]} 6. d4 {[%emt 0:01:52]} cxd4 {[%emt 0:00:41]} 7. Nxd4 {[%emt 0:00:10]} a6 {[%emt 0:00:22]} 8. Ba4 {[%emt 0:03:17]} Nxd4 {[%emt 0:01:41]} 9. Bxd7+ {[%emt 0:00:25]} Qxd7 {[%emt 0:00:15]} 10. Qxd4 {[%emt 0:00:05]} Rc8 {[%emt 0:01:38]} 11. Be3 {[%emt 0:04:25]} b5 {[%emt 0:00:29]} 12. a3 {[%emt 0:03:42]} Nf6 {[%emt 0:02:36]} 13. Rd1 {[%emt 0:02:39]} Rc4 {[%emt 0:03:25]} 14. Qd3 {[%emt 0:00:42]} Be7 {[%emt 0:02:58]} 15. h3 {[%emt 0:04:27]} Qc7 {[%emt 0:03:01]} 16. O-O {[%emt 0:01:46]} O-O {[%emt 0:00:33]} 17. f5 {[%emt 0:05:54]} Rd8 {[%emt 0:00:57]} 18. Bf4 {[%emt 0:05:01]} b4 {[%emt 0:08:54]} 19. axb4 {[%emt 0:04:27]} Qb6+ {[%emt 0:00:23]} 20. Kh1 {[%emt 0:01:58]} Qxb4 {[%emt 0:00:18]} 21. Bg5 {[%emt 0:06:57]} h6 {[%emt 0:01:59]} 22. Bh4 {[%emt 0:02:21]} d5 {[%emt 0:00:53]} 23. fxe6 {[%emt 0:00:53]} fxe6 {[%emt 0:01:27]} 24. Bxf6 {[%emt 0:02:21]} Bxf6 {[%emt 0:00:34]} 25. exd5 {[%emt 0:00:13]} Bxc3 {[%emt 0:33:18]} 26. bxc3 {[%emt 0:00:12]} Rxc3 {[%emt 0:05:37]} 27. Qxa6 {[%emt 0:00:56]} exd5 {[%emt 0:08:45]} 28. Qe6+ {[%emt 0:01:35]} Kh8 29. Rxd5 Rf8 {[%emt 0:02:51]} 30. Rxf8+ {[%emt 0:00:37]} Qxf8 31. Qe4 {[%emt 0:01:14]} Rc7 {[%emt 0:03:55]} 32. Re5 Rc8 33. c4 Ra8 34. c5 Ra1+ 35. Kh2 Qb8 36. Qf4 Re1 37. Rf5 Qxf4+ 38. Rxf4 Rc1 39. Rf8+ Kh7 40. Rc8 Kg6 41. h4 Kf6 42. c6 Ke7 43. c7 g5 44. Rh8 Rxc7 45. Rh7+ Kd8 46. Rxc7 Kxc7 47. hxg5 hxg5 48. Kg3 Kd7 49. Kg4 Ke7 50. Kxg5 Kf7 51. Kh6 Kg8 52. g4 Kh8 53. Kg6 1-0